000 00336nam a2200145Ia 4500
008 230917s9999||||xx |||||||||||||| ||und||
040 _e151415
_aMAIN
041 _aEnglish
082 _aB R137A
100 _aRajendra Prasad
245 0 _aAtamkatha
260 _aNew Delhi
_bAllied Publishers
_c1992
300 _a659 p.
942 _cBK
999 _c71019
_d71019